00449nam a22001697a 450000500170000001000150001702000260003203500130005803700130007108200120008410000160009624500560011225000060016826000390017427000410021330000250025420140415122743.0 aENG-109282 a9789380224053c950.00 aEN-92815 bDBAD/PUB a020.285 aLata Suresh aHandbook of library professionals /cby Lata Suresh a  aJaipurbShruti Publications c2013 a50-Ka-6, Jyoti NagarbJaipure302005 axiv,330p. c22cm(Hb)